000 01081nam a2200277Ia 4500
003 OSt
005 20221005105644.0
006 a|||||r|||| 00| 0
007 ta
008 221004b |||||||| |||| 00| 0 hin d
020 _a9789350007013 (pbk)
_c95
024 _a35877
037 _b394, 21/03/2012, Independent Publishers Group
_cTextual
040 _aCRL
_cCRL
_bhin
041 _2hin
_ahin
082 _aO122,2N11x, 152J7
100 _aवाजपेयी, अशोक, अनु.
245 0 _aपोलिश कवि चेस्लाव मलोष
_b कविताएॅं
246 _aPolish kavi cheslāv maloṣha: kavitāeॅan
260 _aनई दिल्ली
_bवाणी प्रकाशन भारत
_c2011
300 _a123पृ0
_ccm.
650 _a फ्रंच नाटक
650 _aफ्रंच साहित्य
942 _hO122,2N11x, 152J7
_cTEXL
_2cc
999 _c1016476
_d1016476